| 000 | 00660nam a2200205Ii 4500 | ||
|---|---|---|---|
| 003 | JO-AjNU | ||
| 008 | 230605s9999||||xx |||||||||||||| ||und|| | ||
| 017 | _a2009/10/4512 | ||
| 040 |
_aJO-AjNU _bara _erda _cJO-AjNU |
||
| 041 | _aara | ||
| 050 | 1 | 4 | _aUA853.J6 S58 2009 |
| 100 | 3 |
_aالشعيني جريس يوسف, _eauthor _949940 |
|
| 245 | 0 | 0 | _aالجيش العربي الاردني |
| 264 | 3 | 1 | _aعمان:القوا ت المسلحة، 2009 |
| 300 |
_a801ص _bملاحق |
||
| 336 |
_atext _btxt _2rdacontent |
||
| 337 |
_aunmediated _bn _2rdamedia |
||
| 338 |
_avolume _bnc _2rdacarrier |
||
| 650 | 4 |
_aالاردن-القوات المسلحة _949941 |
|
| 999 |
_aA21967 _c25535 _d25535 |
||